| 000 | 00384 a2200157 4500 | ||
|---|---|---|---|
| 999 |
_c325230 _d325230 |
||
| 001 | 90157 | ||
| 003 | NUST | ||
| 020 | _a9789693500721 | ||
| 082 | _a891.4393 ABD | ||
| 100 |
_aAbdullah Hussain _92888 |
||
| 245 |
_aQaid [قید ] _cAbdullah Hussain _hUrdu |
||
| 250 | _a1st | ||
| 260 |
_aLahore _bSang e Meel _c2008 |
||
| 300 | _a115p. | ||
| 500 | _aGeneral Collection | ||
| 942 |
_aCAE NUST _cBK _k891.4393 ABD _2ddc |
||